|
|
|
|
| LEADER |
01484nam a2200265 i 4500 |
| 001 |
10014349 |
| 003 |
GR-PaULI |
| 005 |
20220428133856.0 |
| 008 |
881025r20141992gr ac g gre d |
| 952 |
|
|
|0 0
|1 0
|2 ddc
|4 0
|6 889_220000000000000_ΚΑΠ
|7 0
|9 239054
|a LISP
|b LISP
|c BSC
|d 2020-02-10
|i 142131
|l 1
|m 1
|o 889.22 ΚΑΠ
|p 025000266843
|r 2020-10-23 00:00:00
|s 2020-09-28
|t 1
|v 2020.00
|w 2020-02-10
|y BK15
|
| 999 |
|
|
|c 144315
|d 144315
|
| 020 |
|
|
|a 9789605580544
|
| 040 |
|
|
|a GR-PaULI
|b gre
|c GR-PaULI
|e AACR2
|
| 082 |
0 |
4 |
|a 889.22
|2 23
|
| 100 |
1 |
|
|a Καπετανάκης, Ηλίας
|9 134206
|e συγγραφέας.
|
| 245 |
1 |
2 |
|a Ο γενικός γραμματεύς ;
|b H βεγγέρα ; Tο γεύμα του Πάπη /
|c Ηλίας Καπετανάκης ; εισαγωγή Πλάτων Μαυρομούστακος.
|
| 260 |
|
|
|a Αθήνα :
|b Δωδώνη,
|c 1992 [ανατύπωση 2014].
|
| 300 |
|
|
|a 212, [2] σ. :
|b εικ., πορτρ. ;
|c 24 εκ.
|
| 490 |
0 |
|
|a Ελληνικό θέατρο. Νεοελληνική Θεατρική βιβλιοθήκη / Δωδώνη ;
|v 6
|
| 650 |
|
4 |
|a Θέατρο
|z Ελλάδα.
|9 2596
|
| 650 |
|
4 |
|a Ελληνικά θεατρικά έργα
|9 323
|
| 700 |
1 |
|
|9 23020
|a Μαυρομούστακος, Πλάτων
|e συγγραφέας εισαγωγής.
|
| 830 |
|
0 |
|9 179922
|a Ελληνικό θέατρο. Νεοελληνική θεατρική βιβλιοθήκη (Δωδώνη)
|v 6.
|
| 942 |
|
|
|2 ddc
|c BK15
|
| 998 |
|
|
|c ΛΟΤΣΑΡΗ
|d 2020-02
|